| Tag |
First Indicator |
Second Indicator |
Subfields |
| LEADER |
00000cam a2200000 a 4500 |
| 001 |
in00004471920 |
| 005 |
20191202143053.0 |
| 008 |
740322s1964 dcua b 00010 engmu |
| 010 |
|
|
|a 54060841
|
| 035 |
|
|
|a (OCoLC)00838929
|
| 035 |
|
|
|9 AAD8493MS
|
| 035 |
|
|
|z (UtOrBLW)11684
|
| 035 |
|
|
|a 21515
|
| 040 |
|
|
|c CHS
|d m.c.
|d TMV
|d UtOrBLW
|
| 049 |
|
|
|a TMVM
|c 1
|
| 059 |
|
|
|l MS/BOOK STKS
|t BOOK
|k CIRCULATING
|i 323890012236$
|n NL
|a SF 376
|b N277n 1964
|
| 060 |
|
4 |
|a SF 376
|b N277n 1964
|
| 110 |
2 |
|
|a National Research Council (U.S.).
|b Subcommittee on Sheep Nutrition.
|
| 245 |
1 |
0 |
|a Nutrient requirements of sheep /
|c a report of the Committee on Animal Nutrition, National Academy of Sciences, National Research Council ; prepared by the Subcommittee on Sheep Nutrition.
|
| 250 |
|
|
|a Third revised edition.
|
| 264 |
|
1 |
|a Washington :
|b National Academy of Sciences-National Research Council,
|c 1964.
|
| 300 |
|
|
|a 40 pages :
|b illustrations ;
|c 25 cm.
|
| 336 |
|
|
|a text
|2 rdacontent
|b txt
|
| 337 |
|
|
|a unmediated
|2 rdamedia
|
| 338 |
|
|
|a volume
|2 rdacarrier
|b nc
|
| 490 |
1 |
|
|a Nutrient requirements of domestic animals ;
|v no. 5
|
| 490 |
1 |
|
|a Publication ;
|v 1193
|
| 504 |
|
|
|a Bibliography: pages 35-40.
|
| 650 |
|
2 |
|a Animal Nutritional Physiological Phenomena.
|
| 650 |
|
2 |
|a Sheep.
|
| 710 |
2 |
|
|a National Academy of Sciences (U.S.)
|
| 830 |
|
0 |
|a Publication (National Research Council (U.S.)) ;
|v no. 1193.
|
| 830 |
|
0 |
|a Nutrient requirements of domestic animals ;
|v no. 5.
|
| 940 |
|
|
|a copy plain
|
| 999 |
|
|
|a MARS
|
| 999 |
f |
f |
|s 9c6d6621-08d9-3e83-868c-26e43c739768
|i 1b63b5cc-4a28-3c8f-8db1-8147cc11806c
|t 0
|
| 952 |
f |
f |
|p preservation
|a Texas A&M University
|b J.J. Pickle Campus
|c High Density Repository
|d Remote Storage
|t 0
|e SF 376 N277n 1964
|h National Library of Medicine classification
|i unmediated -- volume
|m 323890012236$
|
| 998 |
f |
f |
|a SF 376 N277n 1964
|t 0
|l Remote Storage
|